Dynamical systems and fractals : computer graphics experiments in Pascal

Αποθηκεύτηκε σε:
Λεπτομέρειες βιβλιογραφικής εγγραφής
Κύριος συγγραφέας: Becker, Karl-Heinz
Άλλοι συγγραφείς: Dorfler, Michael
Μορφή: Βιβλίο
Γλώσσα:English
Δημοσίευση: Cambridge ; New York : Cambridge University Press, 1989
Θέματα:
Ετικέτες: Προσθήκη ετικέτας
Δεν υπάρχουν, Καταχωρήστε ετικέτα πρώτοι!

MARC

LEADER 00000nam a2200000 i 4500
001 1/74353
008 990518s1989 eng d
020 |a 0-521-36910-X 
035 |l 10049044 
040 |a GR-MY-UA  |b gre  |e aacr 
041 0 |a eng 
082 0 |a 006.6 
100 1 |a Becker, Karl-Heinz. 
245 1 0 |a Dynamical systems and fractals :  |b computer graphics experiments in Pascal /  |c Karl-Heinz Becker, Michael Dorfler 
260 |a Cambridge ; New York :   |b Cambridge University Press,   |c 1989 
300 |a xii, 398 p.;  |b ill.;  |c 23 cm. 
500 |a Includes bibliographical references 
650 0 0 |a Computer graphics. 
650 0 0 |a Pascal (Computer program language) 
650 0 0 |a Fractals. 
700 1 |a Dorfler, Michael. 
852 |a INST  |b SAMOS  |e 19990518  |h 006.6 BEC  |p 005300012987  |q 005300012987  |t BK  |y 0 
901 |a BIBL3-1999-2 
909 |a Σ  |b 063820 
922 |a 3ΕΛΗ  |b 199901  |c ΚΠΣ  |d GLORY